The siege of Leningrad: epic of survival. (Record no. 551852)
[ view plain ]
| 000 -LEADER | |
|---|---|
| fixed length control field | 00478cam a2200145 4500 |
| 082 #0 - DEWEY DECIMAL CLASSIFICATION NUMBER | |
| Classification number | 947.0842 |
| Author Mark | WYK |
| -- | L-30, P-128 |
| 100 1# - MAIN ENTRY--PERSONAL NAME | |
| Personal name | Wykes, Alan. |
| 9 (RLIN) | 49012 |
| 245 14 - TITLE STATEMENT | |
| Title | The siege of Leningrad: epic of survival. |
| 260 ## - PUBLICATION, DISTRIBUTION, ETC. | |
| Place of publication, distribution, etc. | [New York, |
| Name of publisher, distributor, etc. | Ballantine Books, |
| Date of publication, distribution, etc. | 1968] |
| 300 ## - PHYSICAL DESCRIPTION | |
| Extent | 160 p. |
| Other physical details | illus., maps, ports. |
| Dimensions | 21 cm. |
| 490 1# - SERIES STATEMENT | |
| Series statement | Ballantine's illustrated history of World War II. Battle book ; |
| 526 ## - STUDY PROGRAM INFORMATION NOTE | |
| Program name | 0 |
| Interest level | 0 |
| Reading level | 0 |
| Title point value | 947_084200000000000_WYK |
| 650 ## - SUBJECT ADDED ENTRY--TOPICAL TERM | |
| Topical term or geographic name entry element | MCE |
| 9 (RLIN) | 379 |
| 942 ## - ADDED ENTRY ELEMENTS (KOHA) | |
| Source of classification or shelving scheme | |
| Koha item type | Book |
| Withdrawn status | Lost status | Source of classification or shelving scheme | Damaged status | Not for loan | Permanent Location | Current Location | Date acquired | Total Checkouts | Full call number | Barcode | Date last seen | Price effective from | Koha item type |
|---|---|---|---|---|---|---|---|---|---|---|---|---|---|
| Military College of Engineering (MCE) | Military College of Engineering (MCE) | 12/31/2014 | 947.0842 WYK | MCE-3938 | 12/31/2014 | 12/31/2014 | Book |
